Music groups by members' hometowns - Statistics

General Stats
  • This quiz has been taken 481 times
  • The average score is 5 of 15
Answer Stats
Hint Answer % Correct
Jonkoping (Sweden),Gothenburg (Sweden),Stockholm (Sweden), Bjorkasen (Ballangen, Norway) ABBA
85%
King's Lynn (England), Leicester (England), Hampton(England), Stone Town (Zanzibar) Queen
79%
Kingston (Jamaica), Grange Hill (Jamaica), Kingston (Jamaica), Nine Mile, St. Ann Parish (Jamaica), Kingston (Jamaica) Bob Marley & The Wailers
72%
Gary (Indiana), Gary (Indiana), Gary (Indiana), Gary (Indiana), Gary (Indiana) The Jackson 5
59%
Long Branch (New Jersey), Detroit (Michigan), Flemington (New Jersey), Neptune Township (New Jersey), Norfolk County (now Chesapeake, Virginia), Asbury Park (New Jersey) Bruce Springsteen and the E Street Band
34%
Topeka (Kansas),Topeka (Kansas),St. Louis (Missouri), Coffeyville (Kansas), Topeka (Kansas) Kansas
33%
Peabody (Massachusetts),Toledo (Ohio), Boston (Massachusetts), Swampscott (Massachusetts), Boston (Massachusetts) Boston
32%
Amsterdam (Netherlands), Amsterdam (Netherlands), Chicago (Illinois), Bloomington (Indiana) Van Halen
30%
San Francisco (California), San Bruno (California), Palo Alto (California), Berkeley (California), San Francisco (California) The Grateful Dead
13%
San Francisco (California), Seattle (Washington), Autlan (Jalisco, Mexico), San Francisco (California), Leon (Nicaragua), Daly City (California) Santana
11%
Los Angeles (California),Toronto (Ontario), Blackpool (England), Dallas (Texas) Crosby, Stills, Nash & Young
9%
Akron (Ohio), Akron (Ohio) The Black Keys
9%
Houston (Texas), Openshaw (Manchester, England), Los Angeles (California), Washington (D.C.) The Monkees
9%
Duluth (Minnesota), Birmingham (England), Gainsville (Florida), Liverpool (England), Vernon (Texas) Traveling Wilburys
4%
Squatney (East London, England),Nilford-on-Null (West Midlands, England), Squatney (London, England) Spinal Tap
3%
No matching quizzes found
Score Distribution
Percent of People with Each Score
Percentile by Number Answered
Your Score History
You have not taken this quiz